IEEE Transactions on Microwave Theory and Techniques: научно-технический журнал

書誌詳細
言語:英語
出版事項: Нью-Йорк, 1956, 1959-1962, 1967-1974, 1987-1988
主題:
フォーマット: 逐次刊行物
KOHA link:https://koha.lib.tpu.ru/cgi-bin/koha/opac-detail.pl?biblionumber=379670

MARC

LEADER 00000nas1a2200000 4500
001 379670
005 20231102013111.0
035 |a (RuTPU)RU\TPU\prd\60 
035 |a PERI00000060 
090 |a 379670 
100 |a 20011210a19569999k z0engy50 ba 
101 0 |a eng 
102 |a US 
110 |a afaz|||0uu0 
200 1 |a IEEE Transactions on Microwave Theory and Techniques  |e научно-технический журнал 
210 |d 1956, 1959-1962, 1967-1974, 1987-1988  |a Нью-Йорк 
326 |a 12 номеров в год 
510 1 |a Вестник института радиоинженеров  |z rus 
606 1 |a Радиотехника  |2 stltpush  |3 (RuTPU)RU\TPU\subj\71345  |9 85301 
610 1 |a микроволны 
610 1 |a теория 
610 1 |a техника 
610 1 |a техника СВЧ 
675 |a 621.37  |v 3 
801 0 |a RU  |b 63413507  |c 20011210  |g PSBO 
801 2 |a RU  |b 63413507  |c 20151110  |g PSBO 
942 |c CR